Asteroids named after Countries - Statistics

General Stats
  • This quiz has been taken 27 times
  • The average score is 27 of 57
Answer Stats
# Continent Country/Asteroid % Correct
241 Europe Germania
80%
232 Europe Russia
80%
469 South America Argentina
75%
477 Europe Italia
75%
916 North America America
70%
8088 Oceania Australia
70%
1125 Asia China
70%
804 Europe Hispania
70%
293 South America Brasilia
65%
4636 South America Chile
65%
136 Europe Austria
60%
1052 Europe Belgica
60%
2117 Europe Danmark
60%
10806 North America Mexico
60%
11871 Europe Norge
60%
11870 Europe Sverige
60%
589 Europe Croatia
55%
10792 South America Ecuador
55%
113390 Europe Helvetia
55%
10071 South America Paraguay
55%
10866 South America Peru
55%
1112 Europe Polonia
55%
3933 Europe Portugal
55%
9357 South America Venezuela
55%
1213 Africa Algeria
50%
2575 Europe Bulgaria
50%
11094 North America Cuba
50%
434 Europe Hungaria
50%
1278 Africa Kenya
50%
1284 Europe Latvia
50%
2713 Europe Luxembourg
50%
386622 Oceania New Zealand
50%
9674 Europe Slovenija
50%
10072 South America Uruguay
50%
1541 Europe Estonia
45%
325558 South America Guyane
45%
11055 North America Honduras
45%
1268 Africa Libya
45%
2577 Europa Lietuva
45%
1807 Europe Slovakia
45%
2170 Europe Byelorussia
40%
1432 Africa Ethiopia
40%
10797 North America Guatemala
40%
8766 Africa Niger
40%
11908 North America Nicaragua
30%
2169 Asia Taiwan
30%
1279 Africa Uganda
30%
7507 Asia Israel
25%
1718 Africa Namibia
25%
1430 Africa Somalia
25%
1712 Africa Angola
20%
780 Asia Armenia
20%
1638 Africa Ruanda
20%
2698 Asia Azerbajdzhan
15%
1816 Africa Liberia
15%
2584 Asia Turkmenia
10%
27596 Asia Maldives
5%
No matching quizzes found
Score Distribution
Percent of People with Each Score
Percentile by Number Answered
Your Score History
You have not taken this quiz